University Home | Library Home | Institutional Repository

Regional human rights : (Record no. 133228)

MARC details
000 -LEADER
fixed length control field 00511cam3a220018100 4500
001 - CONTROL NUMBER
control field tmp15764007
003 - CONTROL NUMBER IDENTIFIER
control field UPRA
005 - DATE AND TIME OF LATEST TRANSACTION
control field 20190822112635.0
008 - FIXED-LENGTH DATA ELEMENTS--GENERAL INFORMATION
fixed length control field 951023s1991 xx eng u
035 ## - SYSTEM CONTROL NUMBER
System control number (Sirsi) r44134
035 ## - SYSTEM CONTROL NUMBER
System control number (UPRA)tmp15764007
040 ## - CATALOGING SOURCE
Transcribing agency UPRA
100 1# - MAIN ENTRY--PERSONAL NAME
Personal name Mower, A. G.
Linkage A1726.1
245 10 - TITLE STATEMENT
Title Regional human rights :
Remainder of title a comparative study of the West European and inter-American systems.
260 ## - PUBLICATION, DISTRIBUTION, ETC.
Date of publication, distribution, etc. 1991.
949 ## - LOCAL PROCESSING INFORMATION (OCLC)
a KJ605
w lcc
i -54625
m MAIN
t BOOK
l ON-SHELF

No items available.

© 2026 - The University of Zambia Library - Koha v25.11